00000000nam##2200000za#4500
0019.580216
003CaOODSP
00520210624190931
007cr |||||||||||
008150406|2011||||xxc|||||o    f|0| 0 eng|d
022 |a1713-3556
040 |aCaOODSP|beng
043 |an-cn---
0861 |aK24-1/9-2E-PDF
1102 |aCanada Council for the Arts.
24510|aPatterns in performing arts spending in Canada in 2008 / |h[electronic resource]|cprepared by Kelly Hill, Hill Strategies Research Inc ; funded by the Ontario Arts Council.
260 |aHamilton - Ontario : |bCanada Council for the Arts |cFebruary 2011.
300 |a39p.|bgraphs, tables
4901 |aStatistical insights on the arts|x1713-3556|vVol. 9, no. 2
590 |a15-02-Supp|b2015-02-16
69007|aConsumers|2gcpds
69007|aPerforming arts|2gcpds
77508|tHabitudes de dépenses pour les arts de la scène au Canada en 2008 / |w(CaOODSP)9.607268
830#0|aStatistical insights on the arts,|x1713-3556|vVol. 9, no. 2|w(CaOODSP)9.507397
85640|ahttp://publications.gc.ca|qPDF|s470 KB|uhttps://publications.gc.ca/collections/collection_2014/canadacouncil/K24-1-9-2-eng.pdf|yVol. 9, no. 2